000
00391nam a2200145Ia 4500
008
090122s9999 xx 000 0 und d
082
_b
6686
_a
O155:W
100
_a
मांडके
_b
अलका
245
_a
हृदयस्थ
600
_a
मांडके
630
_a
हृदयस्थ
700
_a
मांडके
730
_a
हृदयस्थ
942
_c
BOOK
999
_c
30763
_d
30763